000 00825cam a22002531 4500
001 38760
003 BD-RjUL
005 20211209052844.0
008 160222s1967 pk 000 0 eng
035 _a(BD-RjUL)38869
040 _aDLC
_cMNS
_dMNS
_dOCoLC
_dDLC
_dBD-RjUL
_beng
041 _aeng
082 _a370.91767
_bKHH V-I 1967
100 2 _aKhan, M. Hamiuddin
_9119569
245 1 0 _aHistory of Muslim education /
_cby M. Hamiuddin Khan.
250 _a1st ed.
260 _aKarachi :
_bAcedemy [sic] of Educational Research, All Pakistan Educational Conference,
_c1967
300 _avolume ;
_c23 cm.
505 0 _aVol.- 1. 712 to 1750 A. D.-- v. 2. 1751 to 1854 A. D. --
650 0 _aIslamic education.
_9118048
650 0 _aEducation
_zIndia
_xHistory.
_9119570
942 _2ddc
_cBK
_01
999 _c38760
_d38760